[Event "Berlin tt"]
[Site "Berlin-West"]
[Date "1980.??.??"]
[Round "?"]
[White "Tonoli, Walter"]
[Black "Borik, Otto"]
[Result "0-1"]
[WhiteElo "2200"]
[BlackElo "2390"]

1.e4 c5 2.Nf3 Nc6 3.Bb5 d6 4.O-O Bd7 5.c3 a6 6.Ba4 Nf6 7.Re1 b5 8.Bc2 e5
9.h3 Be7 10.d4 O-O 11.Be3 Qc7 12.Nbd2 cxd4 13.cxd4 Nb4 14.Bb1 Rfc8 15.dxe5 dxe5
16.a3 Nc2 17.Bxc2 Qxc2 18.Nxe5 Qxb2 19.Nxd7 Nxd7 20.Nb3 Nf8 21.Bd4 Qc2 22.Qg4 Ne6
23.Re3 Rc4 24.Be5 Bg5 25.Nd4 Rxd4 26.Bxd4 Bxe3 27.Bxe3 Rd8 28.Bg5 Re8 29.Re1 a5
30.Qf5 Qa4 31.Re3 Qd1+ 32.Kh2 Qd7 33.Bh4 Qc7+ 34.Bg3 Qc4 35.Qd5 Rd8 36.Qb7 h6
37.Rf3 Ng5 38.Rf5 Rd1 39.Bf4 Nxe4 40.Qxb5 Qxb5 41.Rxb5 Nxf2 42.Be3 Rh1+ 43.Kg3 Ne4+
44.Kf3 Nc3 45.Rxa5 Rf1+ 46.Kg3 f5 47.Kh2 f4 48.Ra8+ Kh7 49.Bb6 Rb1 50.Bc7 g5
51.h4 Nd5 52.Ra7 Kg6 53.hxg5 hxg5 54.g4 Ne3 55.Ra6+ Kf7 56.Bd8 Nxg4+ 57.Kh3 Rg1
58.Bxg5 Nf2+ 59.Kh2 Rxg5 60.Ra4 Rg4 61.Ra7+ Ke6 62.Ra6+ Kf5 63.Ra5+ Ke4 64.Rb5 f3
65.Rb4+ Ke3 66.Rb3+ Nd3 67.Rb8 f2  0-1

[Event "Copenhagen-ch"]
[Site "Copenhagen"]
[Date "1980.??.??"]
[Round "4"]
[White "Poulsen, Allan"]
[Black "Brinck Claussen, Bjorn"]
[Result "1/2-1/2"]
[WhiteElo "2350"]
[BlackElo "2370"]

1.e4 c5 2.Nf3 Nc6 3.Bb5 Qb6 4.Nc3 e6 5.O-O a6 6.Bxc6 Qxc6 7.d4 cxd4 8.Qxd4 d6
9.Rd1 Bd7 10.Bf4 Rd8 11.Bxd6 Qxd6 12.Qxd6 Bxd6 13.Rxd6 f6 14.Rad1 Nh6 15.Rb6 Bc8
16.Rxd8+ Kxd8 17.Kf1 Kc7 18.Rb4 Nf7 19.Ke2 Bd7 20.Rd4 Bc6 21.Rd3 Nd6 22.Nd4 Bd7
23.Rg3 g6 24.f4 Nf7 25.Re3 Kd6 26.Nf3 Ke7 27.e5 f5 28.Nd4 g5 29.g3 h5 30.Kd2 h4
31.Nce2 hxg3 32.hxg3 Kd8 33.Kc3 Kc7 34.Kb4 b6 35.c4 g4 36.a4 a5+ 37.Kb3 Nd8
38.Nc3 Nb7 39.Ncb5+ Kd8 40.Nd6 Nc5+  1/2-1/2

[Event "FIN-ch"]
[Site "FIN"]
[Date "1980.??.??"]
[Round "?"]
[White "Salonen, Jyrki"]
[Black "Binham, Timothy F"]
[Result "1/2-1/2"]
[WhiteElo "2365"]
[BlackElo "2330"]

1.e4 c5 2.Nf3 Nc6 3.Bb5 g6 4.O-O Bg7 5.Re1 Nf6 6.e5 Nd5 7.Nc3 Nc7 8.Bxc6 dxc6
9.Ne4 b6 10.h3 O-O 11.d3 Ne6 12.Neg5 Nd4 13.Nxd4 cxd4 14.Bf4 Qd5 15.Nf3 c5
16.Nh2 f6 17.Qe2 Bb7 18.c3 Rac8 19.b3 Rc6 20.exf6  1/2-1/2

[Event "Gausdal Int"]
[Site "Gausdal"]
[Date "1980.??.??"]
[Round "?"]
[White "Schneider, Lars Ake"]
[Black "Folling, Magne"]
[Result "1/2-1/2"]
[WhiteElo "2450"]
[BlackElo "2280"]

1.e4 c5 2.Nf3 Nc6 3.Bb5 Nf6 4.Qe2 g6 5.e5 Nd5 6.Qc4 e6 7.O-O Nxe5 8.Nxe5 a6
9.Re1 axb5 10.Qxd5 exd5 11.Nc6+ Be7 12.Nxd8 Kxd8 13.Nc3 d6 14.d4 Be6 15.Nxb5 Kd7
16.Bf4 Rhc8 17.a3 Ra6 18.Rad1 Bf6 19.c4 dxc4 20.dxc5 d5 21.Nd6 Rxd6 22.Bxd6 Bxb2
23.Rb1 c3 24.Be5 Rxc5 25.f3 Kc6 26.Rxb2 cxb2 27.Bxb2 Kb5 28.Bf6 Rc2 29.Rb1+ Kc6
30.Kf1 b5 31.Rb2 Rc1+ 32.Ke2 h5 33.Kd2 Rg1 34.Rc2+ Kd6 35.Ke3 Bf5 36.Rb2 Bd7
37.Rc2 Rb1 38.g3 Re1+ 39.Kf2 Rd1 40.Ke2 Rb1 41.Bd4 Bf5 42.Rb2 Rxb2+ 43.Bxb2 Kc5
44.Ke3 Kc4 45.Bf6 Kb3 46.Be7 Kc3 47.Bf6+ Kc4 48.h4 Be6 49.Bg7 Kb3 50.Bf8 Kc2
51.Bg7 Kd1 52.Bc3 Bh3 53.Bb4 Bf1 54.g4 Bh3  1/2-1/2

[Event "Favorite"]
[Site "Hamburg"]
[Date "1980.??.??"]
[Round "7"]
[White "Fries Nielsen, Jens Ove"]
[Black "Kurajica, Bojan"]
[Result "1/2-1/2"]
[WhiteElo "2355"]
[BlackElo "2525"]

1.e4 c5 2.Nf3 Nc6 3.Bb5 e6 4.O-O Nge7 5.c3 a6 6.Ba4 b5 7.Bc2 Bb7 8.a3 d5
9.d4 Ng6 10.exd5 Qxd5 11.c4 bxc4 12.Nc3 Qh5 13.d5 exd5 14.Re1+ Be7 15.Qxd5 Qxd5
16.Nxd5 Rd8 17.Be4 Na5 18.Nxe7 Nxe7 19.Bf4 Rd7 20.Ne5 Rd4 21.Bxb7 Rxf4 22.Bxa6 f6
23.Bb5+ Kf8 24.Nd7+ Kf7 25.Nxc5 Rf5 26.Ne4 Rd8 27.a4 Re5 28.f3 Red5 29.Rac1 Rd4
30.Rc2 Nd5 31.Nc3 Nb4 32.Rce2 Nd3 33.Re7+ Kg6 34.R1e2 Nb3 35.Rc7 Ne5 36.h3 h5
37.Kh2 h4 38.Re4 Nd2 39.Rxd4 Rxd4 40.Be8+ Kh6 41.a5 Ndxf3+ 42.gxf3 Rd2+ 43.Kg1 Nxf3+
44.Kf1 Nh2+ 45.Ke1 Nf3+ 46.Kf1  1/2-1/2

[Event "Favorite"]
[Site "Hamburg"]
[Date "1980.??.??"]
[Round "8"]
[White "Dankert, Peter"]
[Black "Lappoehn, Hardy"]
[Result "1-0"]
[WhiteElo "2345"]
[BlackElo "2200"]

1.e4 c5 2.Nf3 Nc6 3.Bb5 g6 4.O-O Bg7 5.Re1 Nf6 6.e5 Nd5 7.Nc3 Nc7 8.Bxc6 dxc6
9.h3 O-O 10.b3 Ne6 11.Bb2 b6 12.d3 a5 13.a4 Nd4 14.Ne4 Bf5 15.Ng3 Be6 16.c4 Nxf3+
17.Qxf3 Qd7 18.Rad1 Rad8 19.Qe4 Rfe8 20.Qh4 Qc8 21.Re3 Qc7 22.Ne4 Bf5 23.Ng5 h6
24.Nf3 Bc8 25.Qg3 Kh7 26.Qh4 Kg8 27.Nh2 Rf8 28.Qg3 Kh7 29.f4 f5 30.exf6 Bxf6
31.Be5 Bxe5 32.Rxe5 Rd4 33.Rde1 Rf7 34.Rf1 Bf5 35.Re3 Qd6 36.Rff3 Bd7 37.Qh4 Qf6
38.Qg3 Qd6 39.Nf1 Rdxf4 40.Rxf4 Rxf4 41.Rxe7+ Qxe7 42.Qxf4 Bf5 43.d4 cxd4
44.Qxd4 c5 45.Qf4 Qd7 46.Ne3 Be6 47.Qe5 h5 48.Kf2 Qd2+ 49.Kf3 Qd7 50.Ke2 Bf7
51.Kf3 Qb7+ 52.Kf4 Bg8 53.Kg5 Bf7 54.Kf6 Kg8 55.Nd5 Qd7 56.Kg5 Bxd5 57.cxd5 Qg7  1-0

[Event "Malta ol (Men)"]
[Site "La Valetta"]
[Date "1980.??.??"]
[Round "?"]
[White "Bielczyk, Jacek"]
[Black "Lhagva, Jambaldoo"]
[Result "0-1"]
[WhiteElo "2380"]
[BlackElo "2330"]

1.e4 c5 2.Nf3 Nc6 3.Bb5 g6 4.O-O Bg7 5.c3 a6 6.Bxc6 dxc6 7.Qe2 e5 8.d3 Ne7
9.Nbd2 O-O 10.Re1 b6 11.h3 Qc7 12.Nc4 a5 13.Be3 Ba6 14.b3 h6 15.Rad1 Rad8
16.a3 Rfe8 17.Nfd2 Nd5 18.exd5 cxd5 19.Nb2 d4 20.c4 dxe3 21.fxe3 e4 22.Nxe4 f5
23.Nf2 Bb7 24.Rb1 Bc3 25.Rec1 Bd4 26.Nbd1 Qc6 27.Ne4 fxe4 28.exd4 exd3 29.Qg4 Re1+
30.Kf2 Re2+  0-1

[Event "Malta ol (Men)"]
[Site "La Valetta"]
[Date "1980.??.??"]
[Round "?"]
[White "Bouaziz, Slim"]
[Black "Kouatly, Bachar"]
[Result "1/2-1/2"]
[WhiteElo "2370"]
[BlackElo "2350"]

1.e4 c5 2.Nf3 Nc6 3.Bb5 g6 4.O-O Bg7 5.Re1 e5 6.b3 Nge7 7.Bb2 O-O 8.Na3 a6
9.Bf1 d6 10.c3 d5 11.exd5 Nxd5 12.Nc4 Re8 13.d4 cxd4  1/2-1/2

[Event "Malta ol (Men)"]
[Site "La Valetta"]
[Date "1980.??.??"]
[Round "?"]
[White "Castro Rojas, Oscar Humberto"]
[Black "Santos, Luis M"]
[Result "0-1"]
[WhiteElo "2420"]
[BlackElo "2345"]

1.e4 c5 2.Nf3 Nc6 3.Bb5 g6 4.O-O Bg7 5.c3 Nf6 6.d3 Qc7 7.Bg5 a6 8.Ba4 b5
9.Bc2 d6 10.a4 b4 11.h3 O-O 12.Qc1 Rb8 13.Nbd2 bxc3 14.bxc3 Bd7 15.Qa3 Rb7
16.Rfc1 Rc8 17.Nc4 h6 18.Bh4 Nh5 19.Bg3 Nxg3 20.fxg3 Na5 21.Nxa5 Qxa5 22.Bb3 e6
23.Bc4 Bc6 24.Ra2 d5 25.exd5 exd5 26.Bb3 c4 27.Bc2 Bf8  0-1

[Event "Malta ol (Men)"]
[Site "La Valetta"]
[Date "1980.??.??"]
[Round "?"]
[White "Ciocaltea, Victor"]
[Black "Fateen"]
[Result "1/2-1/2"]
[WhiteElo "2435"]
[BlackElo "2200"]

1.e4 c5 2.Nf3 Nc6 3.Bb5 g6 4.O-O Bg7 5.c3 Nf6 6.Re1 O-O 7.h3 Qc7 8.d4 d6
9.dxc5 dxc5 10.e5 Nd7 11.Bxc6 Qxc6 12.Bg5 Qe6 13.Nbd2 h6 14.Bh4 b6 15.Ne4 Bb7
16.Nf6+ exf6 17.exf6 Bxf3 18.fxg7 Bxd1 19.gxf8=Q+ Nxf8 20.Rxe6 Nxe6 21.Rxd1 g5
22.Bg3 Rd8 23.Rxd8+ Nxd8 24.f4 f5 25.Kf2 Kf7 26.Ke3 Ke6 27.Kd3 Kd5 28.c4+ Ke6
29.a3 Nc6 30.fxg5 hxg5 31.Bh2 Ne5+ 32.Bxe5 Kxe5 33.Ke3 f4+ 34.Kf3 Kf5 35.g3 fxg3
36.Kxg3 a5 37.a4 Kf6 38.Kf3 Kf5 39.Kg3 Kf6 40.Kf3 Kf5  1/2-1/2

[Event "Malta ol (Men)"]
[Site "La Valetta"]
[Date "1980.??.??"]
[Round "?"]
[White "Ciocaltea, Victor"]
[Black "Hoelzl, Franz"]
[Result "0-1"]
[WhiteElo "2435"]
[BlackElo "2415"]

1.e4 c5 2.Nf3 Nc6 3.Bb5 Nf6 4.Qe2 e5 5.c3 Qc7 6.d3 g6 7.Nbd2 Bg7 8.Nc4 O-O
9.Bg5 Ne7 10.Ne3 d6 11.Bc4 Bd7 12.h4 b5 13.Bb3 a5 14.h5 a4 15.Bxf6 Bxf6 16.Nd5 Nxd5
17.Bxd5 Bc6 18.hxg6 Bxd5 19.Rxh7 a3 20.Ng5 axb2 21.Rb1 Qa5 22.Qh5 Qxc3+  0-1

[Event "Malta ol (Men)"]
[Site "La Valetta"]
[Date "1980.??.??"]
[Round "?"]
[White "Gamarra Caceres, Carlos"]
[Black "Silva, Fernando"]
[Result "0-1"]
[WhiteElo "2250"]
[BlackElo "2380"]

1.e4 c5 2.Nf3 Nc6 3.Bb5 e6 4.O-O Nge7 5.Re1 a6 6.Bf1 Ng6 7.c3 d5 8.exd5 Qxd5
9.d4 Bd6 10.h3 cxd4 11.cxd4 O-O 12.Nc3 Qa5 13.a3 Rd8 14.Qc2 Be7 15.Be3 Qc7
16.Rac1 Nf4 17.Qe4 Nd5 18.Bg5 Bxg5 19.Nxg5 Nf6 20.Qh4 h6 21.Nf3 Qd6 22.Rcd1 Bd7
23.Ne5 Be8 24.Nc4 Qc7 25.Ne3 Ne7 26.Bd3 Rac8 27.Ne4 Ned5 28.Nc5 Bc6 29.Ng4 Qf4
30.Re5 Nxg4 31.hxg4 Nf6 32.Be2 Rxd4 33.Re3 Rxd1+ 34.Bxd1 Qd4  0-1

[Event "Malta ol (Women)"]
[Site "La Valetta"]
[Date "1980.??.??"]
[Round "?"]
[White "Kristinsdottir, A."]
[Black "Hennings, Margit"]
[Result "1-0"]
[WhiteElo "2000"]
[BlackElo "1910"]

1.e4 c5 2.Nf3 Nc6 3.Bb5 g6 4.O-O Bg7 5.c3 e6 6.Re1 Nge7 7.d3 a6 8.Bxc6 Nxc6
9.Be3 d6 10.Nbd2 O-O 11.Nf1 b5 12.Qd2 Re8 13.Bh6 Bh8 14.a3 Rb8 15.b4 a5 16.Rab1 axb4
17.axb4 cxb4 18.cxb4 Bb7 19.Ne3 Ra8 20.Ng4 Nd4 21.Nxd4 Bxd4 22.Qf4 Ra2 23.Bg5 Qb6
24.Nh6+  1-0

[Event "Malta ol (Women)"]
[Site "La Valetta"]
[Date "1980.??.??"]
[Round "?"]
[White "Soppe, Edith"]
[Black "Carvalho, Luiz"]
[Result "1/2-1/2"]
[WhiteElo "1930"]
[BlackElo "2260"]

1.e4 c5 2.Nf3 Nc6 3.Bb5 Nf6 4.Nc3 d6 5.d4 cxd4 6.Nxd4 Bd7 7.O-O g6 8.Be3 Bg7
9.h3 O-O 10.Nxc6 Bxc6 11.Bxc6 bxc6 12.Qe2 Qa5 13.Rfd1 Qb4 14.Bc1 Rfd8 15.Rb1 d5
16.a3 Qa5 17.exd5 Nxd5 18.Nxd5 Rxd5 19.Rxd5 Qxd5 20.Be3 Qa2 21.Rd1 Qxb2 22.Bc5 Bf6
23.Bxe7 Bxe7 24.Qxe7 Qxc2 25.Rd8+ Rxd8 26.Qxd8+ Kg7 27.Qd4+ Kg8  1/2-1/2

[Event "Malta ol (Men)"]
[Site "La Valetta"]
[Date "1980.??.??"]
[Round "?"]
[White "Hecht, Hans Joachim"]
[Black "Aarland, Stein"]
[Result "1/2-1/2"]
[WhiteElo "2485"]
[BlackElo "2200"]

1.e4 c5 2.Nf3 Nc6 3.Bb5 d6 4.O-O Bd7 5.Re1 a6 6.Bf1 g6 7.c3 Bg4 8.h3 Bxf3
9.Qxf3 Nf6 10.d3 Bg7 11.g3 O-O 12.Bg2 Rc8 13.Nd2 b5 14.Qe2 b4 15.Nc4 Nd7
16.Bd2 Nb6 17.Nxb6 Qxb6 18.Rac1 Rb8 19.Qd1 Rfc8 20.Be3 Qa5 21.d4 bxc3 22.bxc3 Qa3
23.e5 cxd4 24.cxd4 Nb4 25.exd6 exd6 26.Qe2 a5 27.Rc4 d5 28.Rxc8+ Rxc8 29.Rd1 Nxa2
30.Ra1 Nc3 31.Rxa3 Nxe2+ 32.Kf1 Nxd4 33.Rxa5 Nf5 34.Bxd5  1/2-1/2

[Event "Malta ol (Men)"]
[Site "La Valetta"]
[Date "1980.??.??"]
[Round "?"]
[White "Hmadi, Slaheddine"]
[Black "Saeed, Saeed Ahmed"]
[Result "1/2-1/2"]
[WhiteElo "2200"]
[BlackElo "2200"]

1.e4 c5 2.Nf3 Nc6 3.Bb5 g6 4.O-O Bg7 5.Re1 e5 6.b3 Nge7 7.Bb2 O-O 8.Na3 d6
9.c3 d5 10.exd5 Qxd5 11.Bc4 Qd8 12.Nc2 Bg4 13.d3 a6 14.b4 b5 15.Bb3 Bf5 16.c4 Bxd3
17.cxb5 axb5 18.bxc5 Bxc2 19.Qxc2 Nd4 20.Nxd4 exd4 21.Rad1 Nc6 22.Qe4 Qd7
23.Bd5 Rac8 24.h3 Rfd8  1/2-1/2

[Event "Malta ol (Men)"]
[Site "La Valetta"]
[Date "1980.??.??"]
[Round "?"]
[White "Myagmarsuren, Lhamsuren"]
[Black "Liu Wenzhe"]
[Result "1/2-1/2"]
[WhiteElo "2200"]
[BlackElo "2430"]

1.e4 c5 2.Nf3 Nc6 3.Bb5 g6 4.O-O Bg7 5.Re1 Nf6 6.Nc3 a6 7.Bf1 O-O 8.d3 d6
9.h3 b5 10.Be3 b4 11.Ne2 a5 12.Qd2 Re8 13.g4 h5 14.g5 Nd7 15.c3 Nde5 16.Nh2 Ba6
17.Nc1 e6 18.f4 Nd7 19.Bg2 Rc8 20.Ne2 Ne7 21.h4 d5 22.Ng3 d4 23.cxd4 cxd4
24.Bf2 Nc5 25.Bf1 b3 26.a3 Qb6 27.Nf3 Red8 28.Rec1 Nc6 29.Be1 a4 30.e5 Bf8
31.Bf2 Bb5 32.Be2 Qa6 33.Rd1 Rc7 34.Rac1 Rcd7 35.Ne1 Qa5 36.Bf3 Qxd2 37.Rxd2 Nb8
38.Rdd1 Nba6 39.Ne2 Be7 40.Bg2 Kg7 41.Rd2 Nb8 42.Rcd1 Nca6 43.Be4 Bc5 44.Nf3 Nc6
45.Rc1 Ne7 46.Rdd1 Ba7 47.Kg2 Nc5 48.Nexd4 Nxe4 49.dxe4 Nc6 50.Nxb5 Rxd1
51.Rxc6 Bxf2 52.Kxf2 Rb1 53.Nd6 Rxb2+ 54.Ke3 Rb8 55.Rc7 Ra2 56.Nd4 b2 57.Nxe6+ Kg8
58.Rxf7 Kh8 59.Re7 Rxa3+ 60.Ke2 b1=Q 61.Nf7+ Kg8  1/2-1/2

[Event "Malta ol (Men)"]
[Site "La Valetta"]
[Date "1980.??.??"]
[Round "?"]
[White "Myagmarsuren, Lhamsuren"]
[Black "Robatsch, Karl"]
[Result "0-1"]
[WhiteElo "2200"]
[BlackElo "2440"]

1.e4 c5 2.Nf3 Nc6 3.Bb5 g6 4.O-O Bg7 5.Re1 e5 6.b3 Nge7 7.Bb2 O-O 8.c3 a6
9.Bf1 d5 10.d3 d4 11.cxd4 Nxd4 12.Nxd4 cxd4 13.Nd2 Be6 14.Ba3 b5 15.Nf3 f6
16.Qd2 Qd7 17.Rac1 a5 18.Rc5 b4 19.Bb2 Nc6 20.Rec1 Rfc8 21.Qd1 Bf8 22.R5c2 Na7
23.Rxc8 Rxc8 24.Rxc8 Qxc8 25.Nd2 Nb5 26.Nc4 Nc3 27.Qa1 Qc7 28.Bxc3 dxc3 29.Qd1 Bxc4
30.bxc4 Bc5 31.Be2 Qd7 32.Qc2 Qd4 33.Bd1 a4 34.Qe2 b3 35.axb3 a3 36.b4 Qxf2+  0-1

[Event "Malta ol (Men)"]
[Site "La Valetta"]
[Date "1980.??.??"]
[Round "?"]
[White "Wittmann, Walter"]
[Black "Zadrima, Aldo"]
[Result "1-0"]
[WhiteElo "2365"]
[BlackElo "2200"]

1.e4 c5 2.Nf3 Nc6 3.Bb5 Nf6 4.Nc3 a6 5.Bxc6 dxc6 6.h3 g6 7.d3 Bg7 8.Be3 b6
9.Qd2 h6 10.a3 Qc7 11.Rd1 Bb7 12.Na4 a5 13.Bf4 Qd8 14.O-O Nd7 15.e5 g5 16.Bh2 Nf8
17.d4 c4 18.Qe3 Ne6 19.b3 cxb3 20.Qxb3 Ba6 21.Rfe1 b5 22.Nc3 O-O 23.d5 cxd5
24.Nxd5 Kh8 25.Qe3 Qe8 26.h4 g4 27.Nd4 Rc8 28.Bf4 Bb7 29.Nf5 Nxf4 30.Nxf4 Qc6
31.Nxe7 Qxc2 32.Nxc8 Bxc8 33.Rd6 Qf5 34.Nd5 Re8 35.Rxh6+ Kg8 36.Nf6+  1-0

[Event "Malta ol (Men)"]
[Site "La Valetta"]
[Date "1980.??.??"]
[Round "?"]
[White "Swanson, Stephen"]
[Black "Petursson, Margeir"]
[Result "1/2-1/2"]
[WhiteElo "2245"]
[BlackElo "2425"]

1.e4 c5 2.Nf3 Nc6 3.Bb5 g6 4.O-O Bg7 5.c3 Nf6 6.Qe2 O-O 7.h3 e5 8.d3 d6 9.Be3 a6
10.Ba4 Re8 11.Nbd2 b5 12.Bb3 Na5 13.Bc2 Bb7 14.a3 Nc6 15.Bg5 h6 16.Bxf6 Qxf6
17.Rfe1 Ne7 18.Nf1 d5 19.Ng3 Rad8 20.d4 cxd4 21.cxd4 Nc6 22.exd5 Rxd5 23.Rad1 Qd8
24.Bb3 Nxd4 25.Nxd4 Rxd4 26.Rxd4 Qxd4 27.Rd1 Qb6 28.Rd7 Qc6 29.Bxf7+ Kf8
30.Rxb7 Qxb7 31.Bxe8 Kxe8 32.Ne4 Qc6 33.b4 Bf8 34.Qd3 Be7 35.Kh2 h5 36.g3 g5
37.g4 hxg4 38.hxg4 Qh6+ 39.Kg2 Qc6 40.f3 Qe6 41.Kg3 Qb6 42.Kg2 Qd4 43.Qb3 Qc4
44.Qxc4 bxc4 45.Kf2 Kd7 46.Ke2 Kc6 47.Kd2 Kb5 48.Kc3 a5 49.bxa5 Bxa3 50.Nxg5 Bb4+
51.Kc2 Bxa5 52.Nf7 Kc6 53.Nxe5+ Kd5 54.Ng6 Bb4 55.Nf4+ Kd4 56.Ng2 Bf8 57.Nh4 Ke3
58.g5 Kf4  1/2-1/2

[Event "Malta ol (Men)"]
[Site "La Valetta"]
[Date "1980.??.??"]
[Round "?"]
[White "Tal, Mihail"]
[Black "Palacios, Antonio"]
[Result "1/2-1/2"]
[WhiteElo "2705"]
[BlackElo "2350"]

1.e4 c5 2.Nf3 Nc6 3.Bb5 g6 4.O-O Bg7 5.c3 Nf6 6.Re1 O-O 7.h3 Ne8 8.d4 cxd4
9.cxd4 Nc7 10.Ba4 d5 11.e5 b5 12.Bc2 Nb4 13.Bb3 Bf5 14.Nh4 Bxb1 15.Rxb1 a5
16.a3 Nc6 17.Be3 a4 18.Bc2 Na5 19.Qg4 Nc4 20.Nf5 Ra6 21.Nxg7 Kxg7 22.f4 Rc6
23.Bd3 Nxe3 24.Rxe3 e6 25.Bf1 Qe7 26.Qd1 Rb8 27.Rc1 Rxc1 28.Qxc1 b4 29.Qc2 bxa3
30.bxa3 Qd7 31.Rc3 Ne8 32.Kh1 Qa7 33.Rc8 Rxc8 34.Qxc8 Nc7 35.Be2 Qa5 36.Kh2 Qd2
37.Qxc7 Qxe2  1/2-1/2

[Event "Malta ol (Men)"]
[Site "La Valetta"]
[Date "1980.??.??"]
[Round "?"]
[White "Timman, Jan H"]
[Black "Mirza, Shahzad"]
[Result "1-0"]
[WhiteElo "2600"]
[BlackElo "2200"]

1.e4 c5 2.Nf3 Nc6 3.Bb5 g6 4.O-O Bg7 5.Re1 d6 6.c3 a6 7.Bxc6+ bxc6 8.d4 cxd4
9.cxd4 Nh6 10.Bf4 Ng4 11.h3 Nf6 12.Qc1 Qb6 13.Nc3 O-O 14.Bh6 Bb7 15.e5 dxe5
16.dxe5 Nd7 17.Bxg7 Kxg7 18.e6 fxe6 19.Rxe6 Rae8 20.Qd2 Qc7 21.Rae1 Nf6 22.Qe3 Ng8
23.Qd4+ Nf6 24.Qc5 Ng8 25.Nd5 Qd7 26.Qc3+ Kh6 27.Rxg6+  1-0

[Event "Makarczyk mem"]
[Site "Lodz"]
[Date "1980.??.??"]
[Round "3"]
[White "Raaste, Eero J"]
[Black "Spassov, Liuben"]
[Result "0-1"]
[WhiteElo "2420"]
[BlackElo "2450"]

1.e4 c5 2.Nf3 Nc6 3.Bb5 Nf6 4.e5 Nd5 5.O-O g6 6.Nc3 Nc7 7.Re1 Bg7 8.Bxc6 dxc6
9.Ne4 Ne6 10.d3 O-O 11.Be3 b6 12.Qd2 Re8 13.Bh6 Bh8 14.Ng3 f6 15.Re4 Nc7
16.Rae1 Be6 17.h4 Bd5 18.R4e3 Ne6 19.Nh2 Qd7 20.Qd1 Nc7 21.Qe2 Be6 22.Ne4 Bf7
23.h5 Ne6 24.hxg6 hxg6 25.Rh3 Nd4 26.Qd1 Be6 27.Rg3 Kh7 28.Bc1 Bg7 29.Nf3 Nf5
30.Rh3+ Kg8 31.c3 Rad8 32.g4 Qxd3 33.Qxd3 Rxd3 34.gxf5 gxf5 35.Ned2 fxe5
36.Rg3 e4 37.Nh4 Red8 38.Nf1 Kf7 39.Rxd3 exd3 40.Bd2 Bf6 41.Nf3 Rg8+ 42.Ng3 Bxa2
43.Ne5+ Bxe5 44.Rxe5 e6 45.Kg2 Bd5+ 46.f3 Kf6 47.Re1 e5 48.Kf2 Rh8 49.Rh1 Rxh1
50.Nxh1 f4 51.Kg2 c4 52.Nf2 Kf5 53.Nd1 c5 54.Nf2 a5 55.Nd1 Ke6 56.Nf2 Kf5
57.Nd1 b5 58.Kf2 b4 59.cxb4 cxb4 60.Kg2 Bc6 61.Nf2 Ke6 62.Nd1 Kd5 63.Kf2 Kc5
64.Nc3 Kb6 65.Na2 Kb5 66.Be1 Ka4 67.Nc1 Bb5 68.Bd2 c3 69.bxc3 b3 70.Nxb3 Kxb3
71.c4 Bxc4  0-1

[Event "Makarczyk mem"]
[Site "Lodz"]
[Date "1980.??.??"]
[Round "13"]
[White "Dobosz, Henryk"]
[Black "Bellin, Robert"]
[Result "0-1"]
[WhiteElo "2385"]
[BlackElo "2440"]

1.e4 c5 2.Nf3 Nc6 3.Bb5 d6 4.O-O Bd7 5.c3 Nf6 6.Re1 a6 7.Bf1 Bg4 8.h3 Bxf3
9.Qxf3 g6 10.d3 Bg7 11.g4 O-O 12.Qg3 e5 13.Na3 Ne8 14.Nc4 b5 15.Ne3 Bh6 16.Nd5 Bxc1
17.Raxc1 g5 18.Re3 Ne7 19.d4 Nxd5 20.exd5 exd4 21.cxd4 c4 22.b3 f5 23.gxf5 Ng7
24.Rec3 Nxf5 25.Qg4 Qf6 26.Rf3 Qg6 27.bxc4 h5 28.Qe4 Rae8 29.Qd3 g4 30.hxg4 hxg4
31.Rf4 Qg5 32.Qd2 Re4  0-1

[Event "Lone Pine"]
[Site "Lone Pine"]
[Date "1980.??.??"]
[Round "7"]
[White "Biyiasas, Peter"]
[Black "Zaltsman, Vitaly F"]
[Result "1-0"]
[WhiteElo "2485"]
[BlackElo "2460"]

1.e4 c5 2.Nf3 Nc6 3.Bb5 g6 4.O-O Bg7 5.Re1 Nf6 6.e5 Nd5 7.Nc3 Nc7 8.Bxc6 dxc6
9.Ne4 b6 10.Nf6+ Kf8 11.Ne4 h6 12.b3 Kg8 13.Bb2 Kh7 14.d3 Rf8 15.Qd2 Ne6
16.a4 a5 17.h4 Bb7 18.Qe3 Qc7 19.h5 Rad8 20.Nf6+ exf6 21.exf6 Rde8 22.fxg7 Nxg7
23.hxg6+ fxg6 24.Qd2 c4 25.Rxe8 Rxe8 26.dxc4 c5 27.Qc3 Re2 28.Kf1 Bxf3 29.Qxf3 Rxc2
30.Qf6 Rd2 31.Re1 Qd7 32.Qxg7+ Qxg7 33.Bxg7 Kxg7 34.Re6 Rb2 35.Rxb6 h5 36.Kg1 g5
37.f3 Kf7 38.Rb5 Kg6 39.Rxa5 Rxb3 40.Rxc5 Ra3 41.a5 Ra4 42.Kh2 Kf6 43.Kg3 Kg6
44.Rc6+ Kf5 45.Rc5+ Kg6 46.Kh3 Kf6 47.Rc6+ Kf5 48.a6 Ke5 49.Rh6 Ra2 50.Rxh5 Kf6
51.Rh6+ Kg7 52.Rb6 Ra4 53.Kg3 Kf7 54.Rb7+ Kf6 55.Ra7 Kg6 56.Ra8 Kg7 57.a7 Kh7
58.Kf2 Ra3 59.Ke2 Kg7 60.g3  1-0

[Event "Los Polvorines op"]
[Site "Los Polvorines"]
[Date "1980.??.??"]
[Round "?"]
[White "Idigoras, Alejandro"]
[Black "Reinhardt, Enrique Heinrich"]
[Result "1-0"]
[WhiteElo "2200"]
[BlackElo "2325"]

1.e4 c5 2.Nf3 Nc6 3.Bb5 g6 4.O-O Bg7 5.Re1 e6 6.c3 a6 7.Ba4 b5 8.Bc2 Nge7
9.d4 cxd4 10.cxd4 Nb4 11.Bb3 d5 12.e5 O-O 13.Bg5 h6 14.Bf6 Nbc6 15.g4 Qb6
16.Nc3 Bd7 17.Qd2 Kh7 18.Qf4 Ng8 19.Re3 Qb8 20.g5 Nce7 21.Bxg7 hxg5 22.Bxf8  1-0

[Event "NOR-ch"]
[Site "?"]
[Date "1980.??.??"]
[Round "2"]
[White "Semakoff, Aleks"]
[Black "Harestad, Thor Geir"]
[Result "0-1"]
[WhiteElo "2230"]
[BlackElo "2240"]

1.e4 c5 2.Nf3 Nc6 3.Bb5 g6 4.O-O Bg7 5.c3 e5 6.d4 cxd4 7.cxd4 exd4 8.Bf4 Nge7
9.Bd6 O-O 10.Na3 b6 11.Re1 a6 12.Bc4 b5 13.Bd5 Bb7 14.Qd3 h6 15.Rac1 Re8
16.Bb3 Nc8 17.Bg3 d6 18.e5 dxe5 19.Nxe5 Nxe5 20.Bxe5 Qg5 21.Bxf7+ Kxf7 22.Rc7+ Re7
23.Qb3+ Kf8 24.Bxg7+ Kxg7 25.Rxb7 Rxb7 26.h4 Qf6  0-1

[Event "DDR-ch 29th"]
[Site "Plauen"]
[Date "1980.??.??"]
[Round "2"]
[White "Boehnisch, Manfred"]
[Black "Zinn, Lothar"]
[Result "1/2-1/2"]
[WhiteElo "2355"]
[BlackElo "2325"]

1.e4 c5 2.Nf3 Nc6 3.Bb5 e6 4.O-O Nge7 5.c3 d5 6.exd5 Qxd5 7.d4 Bd7 8.c4 Qh5
9.dxc5 Ng6 10.Be3 Bxc5 11.Bxc5 Qxc5 12.Nc3 Qe7 13.Nd4 O-O 14.Nxc6  1/2-1/2

[Event "DDR-ch 29th"]
[Site "Plauen"]
[Date "1980.??.??"]
[Round "15"]
[White "Boehnisch, Manfred"]
[Black "Gruenberg, Hans Ulrich"]
[Result "0-1"]
[WhiteElo "2355"]
[BlackElo "2385"]

1.e4 c5 2.Nf3 Nc6 3.Bb5 Nf6 4.e5 Nd5 5.Nc3 Nxc3 6.bxc3 Qc7 7.Qe2 a6 8.Bxc6 Qxc6
9.O-O b6 10.d4 Bb7 11.Rb1 e6 12.Be3 Rc8 13.Rb2 cxd4 14.cxd4 b5 15.Rfb1 Ba3
16.Rb3 Be7 17.a4 b4 18.c3 Qxa4 19.cxb4 Be4 20.R1b2 Bd5 21.Rd3 Bxb4 22.Qd1 Qxd1+
23.Rxd1 a5 24.Rdb1 O-O 25.Rxb4 axb4 26.Rxb4 Rb8 27.Rxb8 Rxb8 28.Nd2 Kf8 29.h4 Ke8
30.f3 Kd8 31.Kf2 Kc7 32.h5 h6 33.Kg3 Kc6 34.Kf4 Kb5 35.g4 Kb4 36.Ne4 Bxe4
37.Kxe4 Kc4 38.f4 g6 39.hxg6 fxg6 40.f5 exf5+ 41.gxf5 gxf5+ 42.Kxf5 Kd5 43.Bxh6 Re8
44.Be3 Rf8+ 45.Kg6 Rf3 46.Bg5 Ke6 47.Bc1 Rg3+ 48.Kh6 Kd5 49.Bb2 Rg2 50.Bc3 Kc4  0-1

[Event "Rubinstein mem"]
[Site "Polanica Zdroj"]
[Date "1980.??.??"]
[Round "8"]
[White "Bielczyk, Jacek"]
[Black "Przewoznik, Jan"]
[Result "1-0"]
[WhiteElo "2380"]
[BlackElo "2340"]

1.e4 c5 2.Nf3 Nc6 3.Bb5 Qc7 4.O-O e6 5.Re1 Nge7 6.Nc3 a6 7.Bf1 b6 8.b3 Bb7
9.Bb2 h5 10.d4 cxd4 11.Nxd4 Nxd4 12.Qxd4 Nc6 13.Nd5 exd5 14.exd5+ Kd8 15.dxc6 Qxc6
16.Re3 f6 17.Rd3 Bc5 18.Qf4 Qe6 19.Rad1 Bc6 20.b4 Be7 21.Bd4 Ba4 22.Re3 Qc6
23.Rc3 Qb7 24.Qg3 g5 25.Qe3 Rb8 26.Re1 Re8 27.Bxf6 d5 28.Qxg5  1-0

[Event "URS-ch U26"]
[Site "Riga"]
[Date "1980.??.??"]
[Round "?"]
[White "Eingorn, Vereslav S"]
[Black "Lanka, Zigurds"]
[Result "1-0"]
[WhiteElo "2470"]
[BlackElo "2340"]

1.e4 c5 2.Nf3 Nc6 3.Bb5 g6 4.O-O Bg7 5.Re1 e5 6.Bxc6 dxc6 7.d3 Qe7 8.Bg5 f6
9.Bd2 Be6 10.a4 g5 11.Na3 O-O-O 12.Nc4 h5 13.a5 Bh6 14.b3 h4 15.Rf1 g4 16.Ne1 Bxd2
17.Qxd2 Nh6 18.f4 gxf3 19.Nxf3 Rdg8 20.Kh1 Nf7 21.Qf2 Rg4 22.Nfd2 Rg6 23.b4 Rhg8
24.Qxc5 Qxc5 25.bxc5 Rxg2 26.Rxf6 Ng5 27.Kxg2 Nxe4+ 28.Kf3 Nxf6 29.Nxe5 h3
30.Rf1 Rg5 31.d4 Nd5 32.Ne4 Rf5+ 33.Ke2 Rxf1 34.Kxf1 Ne3+ 35.Kf2 Nxc2 36.Nf3 Kc7
37.Neg5 Bc8 38.Kg3 Ne3 39.Nxh3 b5 40.axb6+ axb6 41.Nhg5 Nd5 42.h4 b5 43.h5 Nf6
44.h6 Bf5 45.Kf4 Bc2 46.Ne5 b4 47.Ke3 Bf5 48.Kd2 Kb7 49.Kc1 b3 50.Kb2 Bc2
51.Ka3 Kc7 52.Nc4 Kb7 53.Na5+ Ka6 54.Nxc6 Kb5 55.Ne5 Ka5 56.Nc4+ Kb5 57.Ne3 Ne4
58.Nxe4 Bxe4 59.Kxb3  1-0

[Event "Rome"]
[Site "Rome"]
[Date "1980.??.??"]
[Round "1"]
[White "Castro Rojas, Oscar Humberto"]
[Black "Robatsch, Karl"]
[Result "1-0"]
[WhiteElo "2420"]
[BlackElo "2440"]

1.e4 c5 2.Nf3 Nc6 3.Bb5 g6 4.O-O Bg7 5.Re1 Nf6 6.Nc3 O-O 7.e5 Ne8 8.Bxc6 dxc6
9.h3 Nc7 10.d3 b6 11.Bf4 Ne6 12.Qd2 Nd4 13.Nh2 Bf5 14.Rad1 Qd7 15.Ne4 Rad8
16.Bh6 Qe6 17.Bxg7 Kxg7 18.c3 Nb5 19.a4 Nc7 20.f4 Rd7 21.Nf2 Rfd8 22.Qe2 Qb3
23.g4 Be6 24.Qf3 f5 25.exf6+ exf6 26.c4 Qxa4 27.f5 Bf7 28.g5 fxg5 29.Nhg4 Ne8
30.fxg6 hxg6 31.Rxe8 Rxe8 32.Qf6+ Kh7 33.Qxg5 Re6 34.Rf1 Qc2 35.Ne4 Rxe4
36.Qh6+  1-0